| 000 | 00843nam a2200253 a 4500 | ||
|---|---|---|---|
| 001 | 000022969 | ||
| 005 | 20200930021913.0 | ||
| 008 | 101123s1973 mx a 001 0 spa d | ||
| 040 |
_aDO-SdBNP _bspa _cBNPHU |
||
| 082 |
_a541.042 _bP615q |
||
| 100 | 1 |
_aPierce, James B. _947233 |
|
| 245 | 1 | 0 |
_aQuímica de la materia / _cJames B. Pierce ; traducción de Antonio Mijares Mijares. |
| 260 |
_aMéxico : _bHoughton Mifflin Company, _cc1973. |
||
| 300 |
_a818 p. : _bil. ; _c26 cm. |
||
| 500 | _aIncluye índice. | ||
| 534 |
_pTítulo de la obra en inglés: _tThe chemistry of matter. |
||
| 650 | 4 |
_aSoluciones (química) _947234 |
|
| 650 | 4 |
_aPropiedades de la materia _947235 |
|
| 650 | 4 |
_aEstructura química _947236 |
|
| 650 | 4 |
_aFisicoquímica _947237 |
|
| 700 | 1 |
_aMijares Mijares, Antonio, _etr. _947238 |
|
| 910 | _aWM | ||
| 049 | _aBNGR | ||
| 999 |
_c22466 _d22466 |
||